Environmental Systems : (Record no. 5869)

MARC details
000 -LEADER
fixed length control field 01241cam a2200337 a 4500
001 - CONTROL NUMBER
control field 13005995
003 - CONTROL NUMBER IDENTIFIER
control field OSt
005 - DATE AND TIME OF LATEST TRANSACTION
control field 20240409122732.0
008 - FIXED-LENGTH DATA ELEMENTS--GENERAL INFORMATION
fixed length control field 021119s2002 enka b 001 0 eng
010 ## - LIBRARY OF CONGRESS CONTROL NUMBER
LC control number 2002726861
015 ## - NATIONAL BIBLIOGRAPHY NUMBER
National bibliography number GBA2-49649
020 ## - INTERNATIONAL STANDARD BOOK NUMBER
International Standard Book Number 0198742673
035 ## - SYSTEM CONTROL NUMBER
System control number (OCoLC)ocm50301566
040 ## - CATALOGING SOURCE
Original cataloging agency UKM
Transcribing agency UKM
Modifying agency EYE
-- DLC
042 ## - AUTHENTICATION CODE
Authentication code lccopycat
050 00 - LIBRARY OF CONGRESS CALL NUMBER
Classification number GE45.D37
Item number C36 2002
082 04 - DEWEY DECIMAL CLASSIFICATION NUMBER
Classification number 333.7 CAM 1994
Edition number 21
100 1# - MAIN ENTRY--PERSONAL NAME
Personal name Camara, Antonio S.
9 (RLIN) 12230
245 10 - TITLE STATEMENT
Title Environmental Systems :
Remainder of title a multidimensional approach
260 ## - PUBLICATION, DISTRIBUTION, ETC. (IMPRINT)
Place of publication, distribution, etc. Oxford ;
Name of publisher, distributor, etc. Oxford University Press,
Date of publication, distribution, etc. 1994.
300 ## - PHYSICAL DESCRIPTION
Extent xxv, 312 p. :
Other physical details ill. ;
Dimensions 24 cm.
440 #0 - SERIES STATEMENT/ADDED ENTRY--TITLE
Title Spatial information systems
9 (RLIN) 12231
504 ## - BIBLIOGRAPHY, ETC. NOTE
Bibliography, etc Includes bibliographical references and indexes.
650 #0 - SUBJECT ADDED ENTRY--TOPICAL TERM
Topical term or geographic name as entry element Environmental sciences
9 (RLIN) 12232
650 #0 - SUBJECT ADDED ENTRY--TOPICAL TERM
Topical term or geographic name as entry element Environmental conservation
9 (RLIN) 12233
856 41 - ELECTRONIC LOCATION AND ACCESS
Materials specified Table of contents only
Uniform Resource Identifier http://www.loc.gov/catdir/toc/fy038/2002726861.html
856 42 - ELECTRONIC LOCATION AND ACCESS
Materials specified Publisher description
Uniform Resource Identifier http://www.loc.gov/catdir/enhancements/fy0614/2002726861-d.html
906 ## - LOCAL DATA ELEMENT F, LDF (RLIN)
a 7
b cbc
c copycat
d 2
e ncip
f 20
g y-gencatlg
942 ## - ADDED ENTRY ELEMENTS (KOHA)
Source of classification or shelving scheme Dewey Decimal Classification
Koha item type Open Shelf
Holdings
Withdrawn status Lost status Source of classification or shelving scheme Damaged status Not for loan Home library Current library Date acquired Source of acquisition Inventory number Total Checkouts Full call number Barcode Date last seen Koha item type
    Dewey Decimal Classification     MUST Main Library MUST Main Library 27/10/2017 Donation 06/26419   333.7 CAM 1994 2017-0871 27/10/2017 Open Shelf